logo

Bir Sreshtho Munshi Abdur Rouf Library
Jhenaidah Cadet College

The man who watched the trains go by / (Record no. 7210)

MARC details
000 -LEADER
fixed length control field 00997nam a2200349 a 4500
001 - CONTROL NUMBER
JCCL Control Number 7210
003 - CONTROL NUMBER IDENTIFIER
JCCL marc code BD - Jhcc
005 - DATE AND TIME OF LATEST TRANSACTION
control field 20180206130412.0
008 - FIXED-LENGTH DATA ELEMENTS--GENERAL INFORMATION
fixed length control field 060112s2006 enk 000 1 eng
020 ## - INTERNATIONAL STANDARD BOOK NUMBER
International Standard Book Number 9780141025872 (pbk.) :
Terms of availability £7.99
020 ## - INTERNATIONAL STANDARD BOOK NUMBER
International Standard Book Number 0141025875 (pbk.) :
Terms of availability £7.99
035 ## - SYSTEM CONTROL NUMBER
system control number (BD - Jhcc)7210
035 ## - SYSTEM CONTROL NUMBER
system control number (UkLCURL)72013436613
038 ## - RECORD CONTENT LICENSOR
Record content licensor Uk
040 ## - CATALOGING SOURCE
Original cataloging agency StDuBDS
Transcribing agency StDuBDS
Modifying agency Uk
-- BD - Jhcc
041 1# - LANGUAGE CODE
Language code of Book eng
Language code of original and/or intermediate translations of text fre
082 04 - DEWEY DECIMAL CLASSIFICATION NUMBER
Classification number 843.912
DDC Edition number 22
Author mark and Year SIM
090 ## - LOCALLY ASSIGNED LC-TYPE CALL NUMBER (OCLC); LOCAL CALL NUMBER (OCLC)
Classification number (OCLC) (R) ; Classification number, CALL (RLIN) (NR) BLI 2004
Local cutter number (OCLC) ; Book number/undivided call number, CALL (RLIN) H.2006/3526
100 1# - MAIN ENTRY--PERSONAL NAME
Personal name Simenon, Georges,
Dates associated with a name 1903-1989.
240 10 - UNIFORM TITLE
Uniform title Homme qui regardait passer les trains.
245 14 - TITLE STATEMENT
Title The man who watched the trains go by /
Statement of responsibility, etc Georges Simenon.
250 ## - EDITION STATEMENT
Edition statement New ed.
260 ## - PUBLICATION, DISTRIBUTION, ETC. (IMPRINT)
Place of publication, distribution, etc London :
Name of publisher, distributor, etc Penguin,
Date of publication, distribution, etc 2006.
300 ## - PHYSICAL DESCRIPTION
Pagination 210 p. ;
Dimensions 18 cm.
490 1# - SERIES STATEMENT
Series statement Penguin red classics
500 ## - GENERAL NOTE
General note Previous ed.: 2004.
500 ## - GENERAL NOTE
General note Formerly CIP.
Institution to which field applies Uk
650 #0 - SUBJECT ADDED ENTRY--TOPICAL TERM
Topical term or geographic name as entry element Mentally ill
Form subdivision Fiction.
830 #0 - SERIES ADDED ENTRY--UNIFORM TITLE
Uniform title Red classics
942 ## - ADDED ENTRY ELEMENTS (KOHA)
Source of classification or shelving scheme Dewey Decimal Classification
Koha item type Books
Holdings
Source of classification or shelving scheme Damaged status Not for loan Home library Current library Shelving location Total Checkouts Full call number Barcode Date last seen Copy number Koha item type
Dewey Decimal Classification     JCC Rouf Library JCC Rouf Library General Stacks   843.912 SIM 9764 02/06/2018 C - 1 Books

JCC Library | Contacts | JCC Home

Last Update on 23 September 2017
Copyright @ 2017-2020 JCC Rouf Library
Rouf Library, Jhenidah Cadet College (JCC), Bangladesh